Southville International School and Colleges
Your cart is empty.
  • Cart
  • Lists
    Public lists Eva Luna New books Lux_list list_1
    Your lists Log in to create your own lists
  • Log in to your account
  • Your cookies
  • Search history
Southville International School and Colleges
  • Advanced search
  • Recent comments
  • Most popular
  • Libraries

Log in to your account

Log in with GOOGLE


If you do not have an external account, but do have a local account, you can still log in:

  1. Home
  2. MARC view: Ella's games /
Normal view MARC view ISBD view

Ella's games / (Record no. 106018)

[ view plain ]
MARC details
000 -LEADER
fixed length control field 00414nam a2200157 a 4500
005 - DATE AND TIME OF LATEST TRANSACTION
control field 20140412111421.0
008 - FIXED-LENGTH DATA ELEMENTS--GENERAL INFORMATION
fixed length control field 080105s19uu xx 00 eng d
020 ## - INTERNATIONAL STANDARD BOOK NUMBER
International Standard Book Number 0-439-97937-4
050 ## - LIBRARY OF CONGRESS CALL NUMBER
Classification number TR(PS E
Item number El6 2002
100 ## - MAIN ENTRY--PERSONAL NAME
Personal name Bedford, David, 1969-
245 ## - TITLE STATEMENT
Title Ella's games /
Statement of responsibility, etc David Bedford.
260 ## - PUBLICATION, DISTRIBUTION, ETC. (IMPRINT)
Place of publication, distribution, etc London :
Name of publisher, distributor, etc Scholastic Inc,
Date of publication, distribution, etc 2002.
300 ## - PHYSICAL DESCRIPTION
Extent unpaged
650 ## - SUBJECT ADDED ENTRY--TOPICAL TERM
Topical term or geographic name as entry element Play
General subdivision fiction
Holdings
Withdrawn status Lost status Damaged status Use restrictions Home library Current library Shelving location Date acquired Source of acquisition Cost, normal purchase price Total Checkouts Full call number Barcode Date last seen Price effective from Koha item type
        Elizalde Library Elizalde Library Teachers Reference Section 01/05/2008   295.00   TR(PS E El6 2002 E11116 04/12/2014 04/12/2014 Books

Ella's games /

APA

Bedford D. 1., . (2002). Ella's games. London: Scholastic Inc.

Chicago

Bedford David 1969, . 2002. Ella's games. London: Scholastic Inc.

Harvard

Bedford D. 1., . (2002). Ella's games. London: Scholastic Inc.

MLA

Bedford David 1969, . Ella's games. London: Scholastic Inc. 2002.

  • Place hold
  • Print
  • Cite
  • Add to your cart (remove)
  • Save record
    BIBTEX Dublin Core MARCXML MARC (non-Unicode/MARC-8) MARC (Unicode/UTF-8) MARC (Unicode/UTF-8, Standard) MODS (XML) RIS
  • More searches
    Search for this title in:
    Other Libraries (WorldCat) Other Databases (Google Scholar) Online Stores (Bookfinder.com) Open Library (openlibrary.org)

Exporting to Dublin Core...

SOUTHVILLE LIBRARY

Southville International School and Colleges Library

1281 Tropical Ave. Cor. Luxembourg St., BF Homes International, Las Pinas City

Tel. No. 8256374 / 252358 Loc. 117/146

Powered by Koha